Logos de marque n° 4 - Statistiques

Statistiques générales
  • Ce quiz a été pris 2 851 fois
  • Le résultat moyen est 11 sur 20
Statistiques - réponses
marque % Correct
Facebook
100%
IKEA
97%
Levi Strauss
97%
Red Bull
96%
Visa
94%
Louis Vuitton
93%
Nintendo
90%
Air Jordan
86%
Snickers
79%
Internet Explorer
71%
UPS
67%
ING
33%
John Deere
31%
NBC
19%
American Airlines
15%
Best Buy
14%
Fruit of the Loom
12%
Arm & Hammer
6%
Gerber
4%
Cabbage Patch Kids
1%
Aucun quiz correspondant
Distribution des résultats
% des personnes avec chaque résultat
Percentile par nombre de réponses
Votre historique - résultats
Vous n’avez pas pris ce quiz